Регионална библиотека "Любен Каравелов" - Русе

Изобразително изкуство за V клас (Запис номер 73354)

MARC детайли
000 -Лидер
Контролно поле с фиксирана дължина 02174nam a2200409 c 4500
003 - Код на организацията, давaща контролен номер
Контролно поле BLK
005 - Дата и час на последна редакция
Контролно поле 20210209092551.0
008 - Елементи от данни с фиксирана дължина
fixed length control field 180408b bul|||||r ||||||| ||bul||
010 ## - Наследен системен номер
LC control number KNG00077747000
020 ## - Международен стандартен номер на книга ISBN
Международен стандартен номер на книга ISBN 954-426-696-8
020 ## - Международен стандартен номер на книга ISBN
Международен стандартен номер на книга ISBN 954-426-707-7
020 ## - Международен стандартен номер на книга ISBN
Международен стандартен номер на книга ISBN 978-954-426-707-0
040 ## - Източник на каталожния запис
Идентификатор на билиотеката - собственик на записа BLK
041 ## - Код за език
Код за езика на текст/звукозапис или на отделно заглавие Български
Код за езика КДБФ Български
080 ## - УДК
Текстов определител УДК Изобразително изкуство в основното училище
УДК код - определител по УДК 372.875
УДК определител (075.2)
УДК - код + определител 372.875(075.2)
100 1# - Редна дума - Автор
Автор Занков, Огнян Александров
Авторска отговорност първи автор
R(LIN) 368793
139 ## - Редно поле
Редна дума Изобразително изкуство за V клас
Авторски знак Изн - И 45
245 10 - Сведения за заглавието
Заглавие Изобразително изкуство за V клас
Редно поле (дума) Огнян Александров Занков; авт. на том Олга Славова Христова.
Том Кн. за учителя
257 ## - Страна на издаване
Страна на създаване/издаване България
260 ## - Област на издателските данни
Име на издателя, разпространителя и проч. Анубис
Година на издаване 2006
Печатница Пловдив : Делта +
-- За том: София : Вулкан
300 ## - Физическа характеристика
Размери/Мащаб 26 см
380 ## - Жанр
Жанр Обществени науки
650 #4 - Допълнително описание по предмет – тема
Основно описание – тема или топоним Изобразително изкуство - методика на преподаването - за основни училища
9 (RLIN) 249251
650 #4 - Допълнително описание по предмет – тема
Основно описание – тема или топоним Изобразително изкуство - учебници за основни училища
9 (RLIN) 254793
653 ## - Ключова дума – ненормативна
Ключова дума изобразително изкуство
653 ## - Ключова дума – ненормативна
Ключова дума книга за учителя
653 ## - Ключова дума – ненормативна
Ключова дума V кл.
653 ## - Ключова дума – ненормативна
Ключова дума методика на преподаването
653 ## - Ключова дума – ненормативна
Ключова дума учебници за основни училища
700 1# - Други автори (авторска отговорност)
Лично име Христова, Олга Славова
Автороска отговорност (Описва отношението между автора и произведението) авт. на том
9 (RLIN) 371520
760 1# - Описание на основната серия
Редна дума на основното описание Занков, Огнян Александров
Място на издаване, издател и година Анубис, 2006
Страници - том 72 с. : с табл., 24 см
Заглавие Кн. за учителя
852 ## - Местоположение
Форматна сигнатура Цб ІІ 14751
856 4# - Електронен адрес и достъп
Електронен формат pdf - файл
856 4# - Електронен адрес и достъп
Електронен формат pdf - файл
999 ## - СИСТЕМНИ КОНТРОЛНИ НОМЕРА
Koha biblionumber 73354
Koha biblioitemnumber 73354
942 ## - АРТИКУЛИ
Вид на библиотечния материал Книги
Скрит в OPAC Не
Периодичен библиозапис Да
944 ## - СЪЗДАВАНЕ И РЕДАКЦИЯ на ЗАПИСА
Създаване/Редакция Създаване
Дата на регистрацията/редакция 24.08.2007
Служител, извършил регистрацията/редакцията Цветанка_Енчева
944 ## - СЪЗДАВАНЕ И РЕДАКЦИЯ на ЗАПИСА
Създаване/Редакция Редакция
Дата на регистрацията/редакция 28.01.2016
Служител, извършил регистрацията/редакцията Виолета_Тройчева
999 ## - СИСТЕМНИ КОНТРОЛНИ НОМЕРА
Koha biblioitemnumber 73354
Наличности
Код за отписване Код за изгубен артикул Код за повреда Коз за рестрикции Код за отдаване Артикулен № Име на библиотеката - собственик Име на библиотеката, в която се намира в момента Статус (Текущо местоположение) Дата на вписване в системата Местоположение - отдел Цена в лева Инвентарен номер Систематично азбучна сигнатура Баркод Номер на екземпляра Цена в евро Служебна бележка Служебен тип на артикула Източник на класификационната схема
  Не е изгубен Не е повреден без рестрикции ползва се в читалня 119190 Регионална библиотека "Любен Каравелов" Русе Регионална библиотека "Любен Каравелов" Русе Хранилище 2007-08-22 Хранилище 0.00 120000717040 Цб ІІ 14751 120000717040 1 0.00 Дост: Dp Вид: Д N: 16 Дата: 29.03.2007 Книги  
  Не е изгубен Не е повреден без рестрикции заемане за дома 119191 Регионална библиотека "Любен Каравелов" Русе Регионална библиотека "Любен Каравелов" Русе Детски отдел 2016-01-28 Детски отдел 9.00 120000797184 ДН 373.3.016/И 45 120000797184 2 4.60 Дост: DA Вид: А N: 4 Дата: 28.01.2016 Книги Universal Decimal Classification
Vip Innovations Ltd, Rousse, Bulgaria 2025